[Event "Wil Acrevis op 1st"]
[Site "Wil"]
[Date "2020.06.19"]
[Round "1"]
[White "Bossi, Alessandro"]
[Black "Sommer, Alexander"]
[Result "1-0"]
[WhiteElo "1964"]
[BlackElo "1452"]
[PlyCount "27"]
[EventDate "2020.06.19"]
[EventType "swiss"]
[EventRounds "5"]
[EventCountry "SUI"]
[SourceTitle "CBM 197 Extra"]
[Source "ChessBase"]
[SourceDate "2020.09.30"]
[SourceVersion "1"]
[SourceVersionDate "2020.09.30"]
[SourceQuality "1"]

1. e4 c6 2. d3 d5 3. Nd2 g6 4. g3 Bg7 5. Bg2 Nd7 6. Ngf3 Qc7 7. 0-0 Ngf6 8. Re1 dxe4 9. dxe4 Ne5 10. Nxe5 Qxe5 11. Nc4 Qc5 12. b3 Nxe4 13. Rxe4 Bxa1 14. Ba3 1-0

[Event "Crema op-A 17th"]
[Site "Crema"]
[Date "2016.09.03"]
[Round "1"]
[White "Bossi, Alessandro"]
[Black "Mrdja, Milan"]
[Result "0-1"]
[WhiteElo "2014"]
[BlackElo "2303"]
[PlyCount "46"]
[EventDate "2016.09.02"]
[EventType "swiss"]
[EventRounds "6"]
[EventCountry "ITA"]
[SourceTitle "EXT 2018"]
[Source "ChessBase"]
[SourceDate "2017.10.13"]
[SourceVersion "1"]
[SourceVersionDate "2017.10.13"]
[SourceQuality "1"]

1. c4 g6 2. b3 Bg7 3. Nc3 e6 4. e4 c5 5. Bb2 Nc6 6. g3 Nge7 7. Bg2 d5 8. d3 Qa5 9. Qd2 dxc4 10. dxc4 0-0 11. Nf3 Rd8 12. Nd5 Qxd2+ 13. Nxd2 Bxb2 14. Nxe7+ Nxe7 15. Rd1 Bc3 16. Ke2 Nc6 17. Nf3 Bd7 18. Rd3 Bd4 19. Rhd1 e5 20. h3 Kg7 21. Ne1 b5 22. Nc2 bxc4 23. bxc4 Rab8 0-1

[Event "Crema op-A 17th"]
[Site "Crema"]
[Date "2016.09.03"]
[Round "3"]
[White "Bossi, Alessandro"]
[Black "Pirrello, Christian"]
[Result "1-0"]
[WhiteElo "2014"]
[BlackElo "1936"]
[PlyCount "155"]
[EventDate "2016.09.02"]
[EventType "swiss"]
[EventRounds "6"]
[EventCountry "ITA"]
[SourceTitle "EXT 2018"]
[Source "ChessBase"]
[SourceDate "2017.10.13"]
[SourceVersion "1"]
[SourceVersionDate "2017.10.13"]
[SourceQuality "1"]

1. e4 e6 2. d4 d5 3. Nc3 dxe4 4. Nxe4 Nd7 5. g3 Ngf6 6. Nxf6+ Nxf6 7. Bg2 c5 8. Ne2 cxd4 9. Qxd4 Qxd4 10. Nxd4 Bc5 11. Nb3 Be7 12. 0-0 0-0 13. Rd1 Nd5 14. Bxd5 exd5 15. Rxd5 Be6 16. Rd1 Rad8 17. Be3 b6 18. f3 Bf6 19. Bd4 Bxb3 20. Bxf6 Rxd1+ 21. Rxd1 Bxc2 22. Rd2 gxf6 23. Rxc2 Rd8 24. Kf2 Rd7 25. Ke3 Kg7 26. Rc4 Kf8 27. Rh4 Kg7 28. Rd4 Re7+ 29. Kd3 f5 30. a4 Rc7 31. Rc4 Rd7+ 32. Kc3 Re7 33. Kd3 Rd7+ 34. Rd4 Rc7 35. b4 Kf6 36. Rd6+ Ke5 37. Rd8 Ke6 38. Rh8 f6 39. Kd4 Kd6 40. b5 Ke6 41. Re8+ Kd7 42. Rg8 Ke6 43. h4 Kf7 44. Rh8 Ke6 45. h5 Rg7 46. h6 Rd7+ 47. Ke3 Rc7 48. Kd3 Kd5 49. f4 Ke6 50. Kd4 Rd7+ 51. Kc4 Rc7+ 52. Kb4 Rd7 53. a5 Rb7 54. axb6 axb6 55. Rg8 Kd6 56. Rc8 Ke7 57. Rh8 Ke6 58. Kc4 Rc7+ 59. Kd4 Rd7+ 60. Ke3 Rb7 61. Kf3 Rd7 62. g4 Rd3+ 63. Ke2 Rd7 64. g5 fxg5 65. fxg5 Ke5 66. Rg8 Ke6 67. Rf8 Ra7 68. Rf6+ Ke5 69. Rxb6 Ra2+ 70. Kd3 Rg2 71. Rb7 Rxg5 72. Rxh7 Rg6 73. Kc4 f4 74. Re7+ Kf6 75. h7 Rh6 76. Rc7 Ke5 77. b6 Kd6 78. Rg7 1-0

[Event "Milan SSM op"]
[Site "Milan"]
[Date "2014.01.28"]
[Round "5"]
[White "Vezzosi, Paolo"]
[Black "Bossi, Alessandro"]
[Result "1-0"]
[WhiteElo "2252"]
[BlackElo "2031"]
[PlyCount "55"]
[EventDate "2014.01.14"]
[EventType "swiss"]
[EventRounds "8"]
[EventCountry "ITA"]
[SourceTitle "EXT 2015"]
[Source "ChessBase"]
[SourceDate "2014.11.20"]
[SourceVersion "1"]
[SourceVersionDate "2014.11.20"]
[SourceQuality "1"]

1. d4 d5 2. Nf3 Nf6 3. c4 dxc4 4. Nc3 a6 5. a4 Bg4 6. e3 e6 7. Bxc4 Nc6 8. h3 Bh5 9. 0-0 Bb4 10. Qb3 Bxf3 11. gxf3 Qe7 12. Be2 Rd8 13. Rd1 0-0 14. f4 Nd5 15. Bf3 Na5 16. Qc2 f5 17. Bd2 Bxc3 18. Bxc3 Nc6 19. a5 Qh4 20. Kh2 Rf6 21. Rg1 Nxf4 22. exf4 Qxf4+ 23. Rg3 g5 24. Qc1 Qxc1 25. Rxc1 Rg6 26. Bxc6 bxc6 27. Rcg1 h6 28. f4 1-0

[Event "Milan SSM op"]
[Site "Milan"]
[Date "2014.01.16"]
[Round "2"]
[White "Pollio, Ciro"]
[Black "Bossi, Alessandro"]
[Result "0-1"]
[WhiteElo "1761"]
[BlackElo "2031"]
[PlyCount "64"]
[EventDate "2014.01.14"]
[EventType "swiss"]
[EventRounds "8"]
[EventCountry "ITA"]
[SourceTitle "EXT 2015"]
[Source "ChessBase"]
[SourceDate "2014.11.20"]
[SourceVersion "1"]
[SourceVersionDate "2014.11.20"]
[SourceQuality "1"]

1. d4 Nf6 2. c4 c5 3. d5 e6 4. Nc3 exd5 5. cxd5 d6 6. e4 g6 7. h3 Bg7 8. Bd3 0-0 9. Nf3 a6 10. a4 Re8 11. 0-0 Nbd7 12. Bf4 c4 13. Bb1 Nc5 14. Qe2 Nfxe4 15. Nxe4 Nxe4 16. Qxc4 b5 17. axb5 axb5 18. Qxe4 Rxa1 19. Qb4 Ra4 20. Qd2 Qf6 21. Bg3 Qxb2 22. Qxb2 Bxb2 23. Bxd6 Rd8 24. Be7 Rxd5 25. Bc2 Ra1 26. Bb3 Rd7 27. Bb4 Rc7 28. Rxa1 Bxa1 29. Kf1 Be6 30. Bxe6 fxe6 31. Ke2 Rc4 32. Bd2 e5 0-1

[Event "Arvier Amatori op 2nd"]
[Site "Arvier"]
[Date "2012.01.08"]
[Round "7"]
[White "Bossi, Alessandro"]
[Black "Neubauer, Kai"]
[Result "1-0"]
[WhiteElo "2004"]
[BlackElo "2039"]
[PlyCount "79"]
[EventDate "2012.01.02"]
[EventType "swiss"]
[EventRounds "7"]
[EventCountry "ITA"]
[SourceTitle "EXT 2014"]
[Source "ChessBase"]
[SourceDate "2013.11.20"]
[SourceVersion "1"]
[SourceVersionDate "2013.11.20"]
[SourceQuality "1"]

1. Nf3 c5 2. c3 b6 3. g3 Bb7 4. Bg2 Nf6 5. 0-0 e6 6. d4 Nc6 7. Bg5 Be7 8. Bxf6 Bxf6 9. e4 d5 10. e5 Be7 11. Re1 0-0 12. Nbd2 Qc7 13. Rc1 Ba6 14. Nf1 Bxf1 15. Bxf1 c4 16. h4 b5 17. Bh3 h6 18. Nh2 Rfb8 19. f4 b4 20. Rc2 b3 21. axb3 cxb3 22. Rf2 Bf8 23. f5 exf5 24. Bxf5 Nd8 25. Qf3 Rb5 26. h5 Ra5 27. Bb1 Ne6 28. Ref1 Ng5 29. Qg4 Ra6 30. Nf3 Be7 31. Nxg5 Bxg5 32. Rxf7 Qc8 33. Rd7 Qe8 34. Rff7 Qxf7 35. Rxf7 Kxf7 36. Qd7+ Be7 37. Qb7 Ra1 38. Qxd5+ Kf8 39. Qxa8+ Kf7 40. Qe4 1-0

[Event "Livigno op-A 2nd"]
[Site "Livigno"]
[Date "2011.09.16"]
[Round "7"]
[White "Bentivegna, Francesco"]
[Black "Bossi, Alessandro"]
[Result "1-0"]
[WhiteElo "2322"]
[BlackElo "2019"]
[PlyCount "41"]
[EventDate "2011.09.12"]
[EventType "swiss"]
[EventRounds "9"]
[EventCountry "ITA"]
[SourceTitle "CBM 144 Extra"]
[Source "ChessBase"]
[SourceDate "2011.10.28"]
[SourceVersion "1"]
[SourceVersionDate "2011.10.28"]
[SourceQuality "1"]

1. e4 c5 2. Nc3 Nc6 3. Bb5 e6 4. Bxc6 bxc6 5. d3 Ne7 6. f4 d5 7. Nf3 g6 8. 0-0 Rb8 9. b3 Bg7 10. Bd2 0-0 11. Qe1 f5 12. e5 c4 13. Na4 h6 14. Ba5 Qe8 15. Bc7 Rb5 16. dxc4 dxc4 17. bxc4 Rb7 18. Bd6 g5 19. Nc5 gxf4 20. Nxb7 Bxb7 21. Qb4 1-0

[Event "Livigno op"]
[Site "Livigno"]
[Date "2010.09.13"]
[Round "4"]
[White "Codenotti, Marco"]
[Black "Bossi, Alessandro"]
[Result "0-1"]
[WhiteElo "2175"]
[BlackElo "2012"]
[PlyCount "102"]
[EventDate "2010.09.10"]
[EventType "swiss"]
[EventRounds "9"]
[EventCountry "ITA"]
[SourceTitle "CBM 138 Extra"]
[Source "ChessBase"]
[SourceDate "2010.10.29"]
[SourceVersion "1"]
[SourceVersionDate "2010.10.29"]
[SourceQuality "1"]

1. e4 c5 2. Nf3 Nf6 3. e5 Nd5 4. Nc3 e6 5. Nxd5 exd5 6. d4 Nc6 7. dxc5 Bxc5 8. Qxd5 Qb6 9. Bc4 Bxf2+ 10. Kf1 0-0 11. Qb5 d5 12. Qxb6 Bxb6 13. Bxd5 Rd8 14. c4 Be6 15. Bf4 Bxd5 16. cxd5 Rxd5 17. Ke2 Nd4+ 18. Nxd4 Rxd4 19. Bg3 Rad8 20. Rad1 Rxd1 21. Rxd1 Rxd1 22. Kxd1 Kf8 23. Kd2 Ke7 24. Kd3 Ke6 25. Ke4 h6 26. Be1 Bc7 27. Bc3 a6 28. b3 g6 29. h3 h5 30. a4 Bb8 31. Bb2 Bc7 32. Bd4 Bb8 33. g3 f6 34. exf6 Bxg3 35. f7 Kxf7 36. Kd5 Ke7 37. Kc5 Bc7 38. Kd5 g5 39. b4 g4 40. hxg4 hxg4 41. Bg1 Kf6 42. Ke4 Ke6 43. b5 a5 44. Be3 Bd6 45. Bb6 Bb4 46. Bc7 Be1 47. Ke3 Kd5 48. Ke2 Bb4 49. Kd3 Bc5 50. Bh2 b6 51. Bc7 Bf2 0-1

[Event "Livigno op"]
[Site "Livigno"]
[Date "2010.09.11"]
[Round "2"]
[White "Berend, Fred"]
[Black "Bossi, Alessandro"]
[Result "1-0"]
[WhiteElo "2382"]
[BlackElo "2012"]
[PlyCount "123"]
[EventDate "2010.09.10"]
[EventType "swiss"]
[EventRounds "9"]
[EventCountry "ITA"]
[SourceTitle "CBM 138 Extra"]
[Source "ChessBase"]
[SourceDate "2010.10.29"]
[SourceVersion "1"]
[SourceVersionDate "2010.10.29"]
[SourceQuality "1"]

1. d4 d5 2. c4 dxc4 3. e3 Nf6 4. Bxc4 g6 5. Qb3 e6 6. Nf3 Bg7 7. Nc3 0-0 8. 0-0 c5 9. Rd1 Qe7 10. e4 cxd4 11. Nxd4 a6 12. a4 h6 13. f3 e5 14. Nc2 Nc6 15. Be3 Be6 16. Bxe6 fxe6 17. Qa3 Qf7 18. b4 Nh5 19. Rd2 Nf4 20. Rad1 Nd4 21. Bxf4 Qxf4 22. Ne2 Nxe2+ 23. Rxe2 Rfd8 24. Qa1 Bf8 25. Ne1 Rac8 26. Rxd8 Rxd8 27. Qc3 Rd4 28. g3 Qf6 29. Nc2 Rd1+ 30. Kg2 Qd8 31. Qxe5 Qd7 32. Qc3 Bg7 33. e5 Rd3 34. Qc4 Rd2 35. f4 Bf8 36. Kf3 Kf7 37. Qe4 Be7 38. a5 Rd3+ 39. Re3 Rd1 40. Re1 Rd3+ 41. Re3 Rd1 42. Re2 Rd3+ 43. Kg2 Rd1 44. Qc4 Rc1 45. Rf2 Kg7 46. Qe4 Qd1 47. Kh3 Qh5+ 48. Kg2 Qd1 49. Qe2 Qh1+ 50. Kh3 Qd5 51. Rg2 Rb1 52. Qd2 Qf3 53. Rf2 Qh5+ 54. Kg2 Qf5 55. Qd4 Qh5 56. Qd7 Kf7 57. Nd4 Qd1 58. Qxe6+ Kf8 59. Qc8+ Kf7 60. Qc4+ Ke8 61. Qg8+ Kd7 62. Nf3 1-0

[Event "Lugano op"]
[Site "Lugano"]
[Date "2006.11.19"]
[Round "5"]
[White "Bossi, Alessandro"]
[Black "Erdelyi, Tamas"]
[Result "0-1"]
[WhiteElo "2060"]
[BlackElo "2230"]
[PlyCount "60"]
[EventDate "2006.11.17"]
[EventType "swiss"]
[EventRounds "5"]
[EventCountry "SUI"]
[SourceTitle "EXT 2008"]
[Source "ChessBase"]
[SourceDate "2007.11.25"]
[SourceVersion "1"]
[SourceVersionDate "2007.11.25"]
[SourceQuality "1"]

1. Nf3 c5 2. c4 b6 3. g3 Bb7 4. Bg2 g6 5. Nc3 Bg7 6. b3 e6 7. Bb2 d5 8. cxd5 exd5 9. d4 Ne7 10. 0-0 0-0 11. Qd2 Na6 12. Rfd1 Nf5 13. Na4 c4 14. bxc4 dxc4 15. Nh4 Bxg2 16. Nxf5 gxf5 17. Kxg2 b5 18. Nc5 Nxc5 19. Ba3 Ne4 20. Qf4 Re8 21. Qxf5 Nc3 22. Rd2 Qd5+ 23. Qxd5 Nxd5 24. Bc5 a5 25. e3 Bf8 26. Bxf8 Kxf8 27. Rc2 c3 28. Kf3 b4 29. Ke2 a4 30. Rb1 Rab8 0-1

[Event "Lugano op"]
[Site "Lugano"]
[Date "2006.11.19"]
[Round "4"]
[White "Contin, Daniel"]
[Black "Bossi, Alessandro"]
[Result "1-0"]
[WhiteElo "2365"]
[BlackElo "2057"]
[PlyCount "69"]
[EventDate "2006.11.17"]
[EventType "swiss"]
[EventRounds "5"]
[EventCountry "SUI"]
[SourceTitle "EXT 2008"]
[Source "ChessBase"]
[SourceDate "2007.11.25"]
[SourceVersion "1"]
[SourceVersionDate "2007.11.25"]
[SourceQuality "1"]

1. c4 Nf6 2. Nf3 c5 3. Nc3 b6 4. g3 Bb7 5. Bg2 g6 6. d4 cxd4 7. Qxd4 Bg7 8. 0-0 0-0 9. Qh4 Re8 10. Bh6 Bh8 11. Rfd1 d6 12. Rac1 Nbd7 13. Be3 Rb8 14. b4 Qc8 15. Nd5 Bxd5 16. cxd5 Qa6 17. Nd4 Qa4 18. Nc6 Ra8 19. Bh3 Ne5 20. Rd2 b5 21. Nxe5 dxe5 22. d6 e6 23. Bg5 Nd7 24. Rc7 h6 25. Be7 Qa3 26. Kg2 Rac8 27. Rxd7 Qc1 28. Rxa7 Qxd2 29. d7 Qd5+ 30. e4 Qd4 31. Bc5 Qd3 32. dxc8Q Rxc8 33. Rxf7 g5 34. Bxe6 Re8 35. Re7+ 1-0

[Event "Cesenatico op 9th"]
[Site "Cesenatico"]
[Date "2004.09.12"]
[Round "9"]
[White "Weinberg, Emanuele"]
[Black "Bossi, Alessandro"]
[Result "0-1"]
[WhiteElo "1952"]
[BlackElo "2053"]
[PlyCount "58"]
[EventDate "2004.09.04"]
[EventType "swiss"]
[EventRounds "9"]
[EventCountry "ITA"]
[SourceTitle "EXT 2007"]
[Source "ChessBase"]
[SourceDate "2006.11.23"]
[SourceVersion "1"]
[SourceVersionDate "2006.11.23"]
[SourceQuality "1"]

1. d4 Nf6 2. c4 c5 3. d5 d6 4. Nc3 e6 5. e4 exd5 6. cxd5 g6 7. f4 Bg7 8. Bb5+ Nfd7 9. Bd3 0-0 10. Nf3 a6 11. a4 Nf6 12. 0-0 Bg4 13. Be3 Nbd7 14. h3 Bxf3 15. Qxf3 Rc8 16. a5 c4 17. Bc2 Nc5 18. Na4 Nxa4 19. Bxa4 Nd7 20. Bxd7 Qxd7 21. Rab1 f5 22. Rfe1 fxe4 23. Qxe4 Rfe8 24. Qf3 Qb5 25. Bd2 Rxe1+ 26. Bxe1 c3 27. Qe4 Re8 28. Qc2 Re2 29. Qd1 c2 0-1

[Event "Cesenatico op 9th"]
[Site "Cesenatico"]
[Date "2004.09.05"]
[Round "2"]
[White "Bossi, Alessandro"]
[Black "Levang, Paal Kristian"]
[Result "0-1"]
[WhiteElo "2053"]
[BlackElo "1800"]
[PlyCount "115"]
[EventDate "2004.09.04"]
[EventType "swiss"]
[EventRounds "9"]
[EventCountry "ITA"]
[SourceTitle "EXT 2007"]
[Source "ChessBase"]
[SourceDate "2006.11.23"]
[SourceVersion "1"]
[SourceVersionDate "2006.11.23"]
[SourceQuality "1"]

1. e4 d6 2. d4 Nf6 3. Nc3 g6 4. Nf3 Bg7 5. Be2 Nc6 6. h3 0-0 7. d5 Ne5 8. Nxe5 dxe5 9. Bg5 Ne8 10. g4 a6 11. Qd2 Nd6 12. 0-0-0 Bd7 13. h4 Bb5 14. f3 Be8 15. Bh6 Bxh6 16. Qxh6 f6 17. Qe3 b5 18. f4 b4 19. Nb1 exf4 20. Qxf4 Bb5 21. Bd3 Qd7 22. g5 Bxd3 23. Rxd3 fxg5 24. Qe5 gxh4 25. Nd2 Qg4 26. Qxe7 Rae8 27. Qxh4 Qxh4 28. Rxh4 Re5 29. b3 Rfe8 30. Rd4 a5 31. Kb2 Kg7 32. a3 bxa3+ 33. Ka2 g5 34. Rg4 h5 35. Rg2 Nb5 36. Rc4 g4 37. Rc5 Rb8 38. c4 Nc3+ 39. Kxa3 Rb7 40. Rxa5 Kf6 41. Ra6+ Rb6 42. Ra7 Re7 43. Rg3 Ne2 44. Rg2 Nc3 45. Rg3 Ne2 46. Rg2 Nf4 47. Rg1 Nd3 48. Ra4 Kg5 49. Ka2 Rf6 50. Kb1 Rf2 51. Kc2 Nc5 52. Rf1 Ref7 53. Rxf2 Rxf2 54. Kc3 h4 55. Ra8 h3 56. Kd4 h2 57. Rh8 g3 58. Kxc5 0-1

[Event "Bratto op 18th"]
[Site "Bratto"]
[Date "1998.??.??"]
[Round "?"]
[White "Bellia, Fabrizio"]
[Black "Bossi, Alessandro"]
[Result "1-0"]
[WhiteElo "2330"]
[BlackElo "2110"]
[PlyCount "93"]
[EventDate "1998.??.??"]
[EventType "swiss"]
[EventRounds "9"]
[EventCountry "ITA"]
[SourceTitle "EXT 2000"]
[Source "ChessBase"]
[SourceDate "1999.11.16"]
[SourceVersion "1"]
[SourceVersionDate "1999.11.16"]
[SourceQuality "1"]

1. e4 e5 2. Nf3 Nc6 3. Bc4 Bc5 4. d3 d6 5. Bg5 Nf6 6. Nc3 Na5 7. Bb3 Nxb3 8. axb3 a6 9. Nd5 c6 10. Bxf6 gxf6 11. Ne3 Rg8 12. g3 d5 13. exd5 Bxe3 14. fxe3 Qxd5 15. e4 Qc5 16. Nh4 Bg4 17. Qd2 0-0-0 18. Ra4 h5 19. Qf2 Qxf2+ 20. Kxf2 Rd6 21. Kg2 Kd8 22. Rf1 Ke7 23. Rf2 Rg5 24. Ra1 Bd7 25. Raf1 Bg4 26. Nf5+ Bxf5 27. Rxf5 h4 28. Rxg5 fxg5 29. Rf5 hxg3 30. Rxe5+ Kf6 31. Rf5+ Kg6 32. Kxg3 Rd7 33. h4 gxh4+ 34. Kxh4 f6 35. Rh5 Rd8 36. Kg4 Rg8 37. b4 b6 38. Rh1 Kf7+ 39. Kf3 Ke6 40. Ra1 Ra8 41. Kf4 Ra7 42. c4 a5 43. d4 a4 44. d5+ cxd5 45. cxd5+ Kf7 46. Kf5 b5 47. Rc1 1-0

[Event "Bratto op 18th"]
[Site "Bratto"]
[Date "1998.??.??"]
[Round "?"]
[White "Bossi, Alessandro"]
[Black "Astengo, Corrado"]
[Result "0-1"]
[WhiteElo "2110"]
[BlackElo "2180"]
[PlyCount "80"]
[EventDate "1998.??.??"]
[EventType "swiss"]
[EventRounds "9"]
[EventCountry "ITA"]
[SourceTitle "EXT 2000"]
[Source "ChessBase"]
[SourceDate "1999.11.16"]
[SourceVersion "1"]
[SourceVersionDate "1999.11.16"]
[SourceQuality "1"]

1. e4 c5 2. Nf3 d6 3. d4 Nf6 4. dxc5 Nxe4 5. cxd6 e6 6. Nbd2 Nxd6 7. Bd3 Nc6 8. Qe2 Nb4 9. Be4 Nxe4 10. Nxe4 b6 11. 0-0 Ba6 12. c4 Qd3 13. Qxd3 Nxd3 14. b3 Bb7 15. Nc3 Be7 16. Rd1 Rd8 17. Bg5 Bxf3 18. Bxe7 Kxe7 19. gxf3 Nb2 20. Re1 Rd2 21. Ne4 Rd4 22. Re2 Nd3 23. Nc3 Rhd8 24. Re4 Nc5 25. Rxd4 Rxd4 26. Re1 Rd2 27. Re2 Rxe2 28. Nxe2 Kd6 29. Nd4 a6 30. Kg2 Nd3 31. Ne2 Kc5 32. a3 Ne1+ 33. Kg3 Nc2 34. Kf4 Nxa3 35. Ke5 Nc2 36. Nc1 Ne1 37. Ke4 Kb4 38. Ke3 Kc3 39. Ke2 Nc2 40. Nd3 Nd4+ 0-1

[Event "Bratto op 18th"]
[Site "Bratto"]
[Date "1998.??.??"]
[Round "?"]
[White "Bossi, Alessandro"]
[Black "Farina, Saverio"]
[Result "0-1"]
[WhiteElo "2110"]
[BlackElo "2200"]
[PlyCount "90"]
[EventDate "1998.??.??"]
[EventType "swiss"]
[EventRounds "9"]
[EventCountry "ITA"]
[SourceTitle "EXT 2002"]
[Source "ChessBase"]
[SourceDate "2001.11.25"]
[SourceVersion "1"]
[SourceVersionDate "2001.11.25"]
[SourceQuality "1"]

1. d4 d5 2. c4 e6 3. Nc3 c5 4. cxd5 exd5 5. Nf3 Nc6 6. g3 Nf6 7. Bg2 Be7 8. 0-0 0-0 9. dxc5 Bxc5 10. Bg5 Be6 11. Re1 Be7 12. Nd4 h6 13. Bxf6 Bxf6 14. Nxe6 fxe6 15. e3 Qe7 16. Qe2 Rad8 17. Red1 Kh8 18. a3 Qf7 19. Rd2 Ne5 20. b3 Be7 21. a4 g6 22. Na2 Nc6 23. Qd3 Ba3 24. Rb1 Bd6 25. b4 Ne5 26. Qe2 Nc4 27. Rd4 Be5 28. Rdd1 b5 29. a5 Qf5 30. Rb3 Rc8 31. Nc1 Nd6 32. Nd3 Rc4 33. Nc5 Rc2 34. Rd2 Rc1+ 35. Bf1 Ne4 36. Nxe4 Qxe4 37. Rd1 Rfc8 38. Rxc1 Rxc1 39. f3 Qc4 40. Qd3 Bc3 41. Qxc4 dxc4 42. Ra3 Bxb4 43. Ra2 Bc5 44. Kf2 Rc3 45. Re2 Kg8 0-1